Pogi a Pika /
Ahoj! Jmenujeme se Tadej a Urška, ale kamarádi nám říkají Pogi a Pika. Zveme vás na naše cyklistické dobrodružství plné skutečných i pohádkových hrdinů. Pokud věříte na skřítky, draky a obry, výborně! Určitě vám pomůžou překonat nejednu zkoušku. Když ale uvěříte i sami v sebe, můžete je následovat a...
Uloženo v:
| Hlavní autor: | |
|---|---|
| Další autoři: | , |
| Médium: | Kniha |
| Jazyk: | Czech |
| Vydáno: |
Praha :
Euromedia Group,
2026
|
| Vydání: | Vydání první |
| Edice: | Pikola (Euromedia Group)
|
| Témata: | |
| Celkem bylo vypůjčeno: | 0x |
| Tagy: |
Žádné tagy |
| LEADER | 02204cam a2200469 i 4500 | ||
|---|---|---|---|
| 001 | 106671 | ||
| 003 | CZ PrSKC | ||
| 005 | 20260630075103.0 | ||
| 007 | ta | ||
| 008 | 260408s2026 xr a e 000 j cze | ||
| 020 | |a 9788028415822 |q (vázáno) | ||
| 040 | |a OLA001 |b cze |d CBA001 |e rda | ||
| 041 | 1 | |a cze |h slv | |
| 072 | 7 | |a 821.163 |x Jihoslovanské literatury |2 Konspekt |9 25 | |
| 072 | 7 | |a 821-93 |x Literatura pro děti a mládež (beletrie) |2 Konspekt |9 26 | |
| 080 | |a 796.6 |2 MRF | ||
| 080 | |a 821.163.6-32 |2 MRF | ||
| 080 | |a 821-93 |2 MRF | ||
| 080 | |a (0:82-32) |2 MRF | ||
| 100 | 1 | |a Grilc, Uroš, |d 1968- |7 ola20261301853 |4 aut |9 117526 | |
| 240 | 1 | 0 | |a Pogi pa pika. |l Česky |
| 245 | 1 | 0 | |a Pogi a Pika / |c napsal Uroš Grilc ; ilustroval Gregor Goršič ; ze slovinského originálu Pogi pa Pika ... přeložila Radka Nováková |
| 250 | |a Vydání první | ||
| 264 | 1 | |a Praha : |b Euromedia Group, |c 2026 | |
| 300 | |a 29 nečíslovaných stran : |b barevné ilustrace ; |c 27 cm | ||
| 336 | |a text |b txt |2 rdacontent | ||
| 336 | |a statický obraz |b sti |2 rdacontent | ||
| 337 | |a bez média |b n |2 rdamedia | ||
| 338 | |a svazek |b nc |2 rdacarrier | ||
| 490 | 1 | |a Pikola | |
| 520 | 3 | |a Ahoj! Jmenujeme se Tadej a Urška, ale kamarádi nám říkají Pogi a Pika. Zveme vás na naše cyklistické dobrodružství plné skutečných i pohádkových hrdinů. Pokud věříte na skřítky, draky a obry, výborně! Určitě vám pomůžou překonat nejednu zkoušku. Když ale uvěříte i sami v sebe, můžete je následovat až k vašim snům. Jak?Na kole přeci! |u https://www.obalkyknih.cz/view?isbn=9788028415822 | |
| 650 | 0 | 7 | |a cyklistika |7 ph114273 |2 czenas |
| 655 | 7 | |a slovinské příběhy |7 fd183419 |2 czenas |9 54145 | |
| 655 | 7 | |a publikace pro děti |7 fd133156 |2 czenas |9 23 | |
| 700 | 1 | |a Goršič, Gregor, |d 1978- |7 ola20261301856 |4 ill |9 117527 | |
| 700 | 1 | |a Nováková, Radka, |d 1983- |7 ola20261301860 |4 trl |9 117528 | |
| 710 | 2 | |a Euromedia Group |7 kn20100114009 |4 pbl |9 117126 | |
| 830 | 0 | |a Pikola (Euromedia Group) | |
| 910 | |a UOG502 | ||
| 942 | |2 ddc |c KN | ||
| 999 | |d 106671 | ||
| 993 | |0 0 |1 421180107395 |2 ddc |4 0 |6 M |7 0 |9 100166 |b 0 |c 107395 |d 2026-06-30 |e 0 |f M |g M |h 259.00 |i Koupě |l M |r 2026-06-30 |t 8 |w 2026-06-30 |y KN |z BELET |n | ||